000 00582nam a22001937a 4500
005 20251108164806.0
008 250721s1979 xx 000 0 ara d
082 1 4 _a811.9563/ميس
100 1 _aالخشاب، ميسر قاسم
245 1 0 _aمطر الرؤيا :
_bشعر /
264 1 _aبغداد :
_bوزارة الثقافة و الفنون،
_c1979.
300 _a76ص
490 0 _aسلسلة كتابات جديدة ؛ 40
650 1 7 _aالشعر العربي
650 1 7 _aالعصر الحديث
650 1 7 _aالعراق
942 _2ddc
_cBK
999 _c14461
_d14461